|
|
|
|
| LEADER |
00760pam a22002298a 4500 |
| 001 |
00038613 |
| 005 |
20171026081025.0 |
| 008 |
170516s2012 ||||||engsd |
| 041 |
0 |
# |
|a eng
|
| 082 |
1 |
4 |
|a 428
|b T101T
|
| 100 |
1 |
# |
|a C. Richards Jack
|
| 245 |
1 |
0 |
|a Tactics for listening
|b Developing Pack B. More listening. More testing. More effective
|c Jack C. Richards, Grant Trew
|
| 250 |
# |
# |
|a Third edition
|
| 260 |
# |
# |
|a Oxford
|b Oxford University press
|c 2012
|
| 300 |
# |
# |
|a 69tr.
|c 29 cm
|
| 653 |
# |
# |
|a Tactics for listening
|
| 852 |
# |
# |
|b Kho mượn
|j KM.0022335
|
| 852 |
# |
# |
|j KD.0021326
|b Kho đọc
|
| 852 |
# |
# |
|j KM.0022335
|j KD.0021326
|
| 910 |
|
|
|d 16/05/2017
|
| 980 |
# |
# |
|a Trung tâm Học liệu Lê Vũ Hùng, Trường Đại học Đồng Tháp
|